Osemdesiat rokov činnosti Organizácie spojených národov - miesto generálnych tajomníkov OSN v jej činnosti zborník vedeckých prác

Salvato in:
Dettagli Bibliografici
Altri autori: Jančíková, Eva, 1960-, Lipková, Ľudmila, Korauš, Antonín, Rusiňák, Peter
Natura: Libro
Lingua:slovacco
Pubblicazione: Trenčín Trenčianska univerzita Alexandra Dubčeka v Trenčíne 2025
Edizione:1. vydanie
Soggetti:
Tags: Aggiungi Tag
Nessun Tag, puoi essere il primo ad aggiungerne!!

MARC

LEADER 00000nam a2200000 4500
001 0314314
005 20260126133912.5
020 |a 978-80-8295-060-4 
041 0 |a slo 
044 |a SK 
245 1 0 |a Osemdesiat rokov činnosti Organizácie spojených národov - miesto generálnych tajomníkov OSN v jej činnosti  |b zborník vedeckých prác  |c zostavovatelia: Eva Jančíková, Ľudmila Lipková ; recenzenti: Antonín Korauš, Peter Rusiňák 
250 |a 1. vydanie 
264 1 |a Trenčín  |b Trenčianska univerzita Alexandra Dubčeka v Trenčíne  |c 2025 
300 |a 134 s. [7,2 AH] 
610 2 0 |a Organizácia spojených národov 
610 2 0 |a politika medzinárodná 
610 2 0 |a vzťahy medzinárodné 
610 2 0 |a organizácie medzinárodné 
610 2 0 |a osobnosť 
610 2 0 |a história 
610 2 0 |a diplomacia 
610 2 0 |a reformy 
610 2 0 |a vojny 
610 2 0 |a mier 
700 1 |a Jančíková, Eva, 1960- 
700 1 |a Lipková, Ľudmila 
700 1 |a Korauš, Antonín 
700 1 |a Rusiňák, Peter